[Event "MP Reykjavik Open 2011"]
[Site "Reykjavik ISL"]
[Date "2011.03.12"]
[Round "5.52"]
[White "Johannesson, Oliver"]
[Black "Maack, Kjartan"]
[Result "0-1"]
[WhiteElo "1554"]
[BlackElo "2157"]
[PlyCount "52"]
[EventDate "2011.03.09"]
[EventType "swiss"]
[EventRounds "9"]
[EventCountry "ISL"]
[Source "lmi"]
[SourceDate "2011.03.09"]

1. e4 e5 2. Nf3 Nc6 3. d4 exd4 4. Nxd4 Nf6 5. Nxc6 bxc6 6. Bd3 Bb4+ 7. c3 Be7
8. O-O d5 9. Nd2 Be6 10. Qc2 g6 11. Qa4 Bd7 12. e5 Nh5 13. Nf3 c5 14. Qc2 c4
15. Be2 Ng7 16. Rd1 c6 17. b3 cxb3 18. axb3 O-O 19. c4 Be6 20. Be3 Qb8 21. Bd3
Nf5 22. Bxf5 Bxf5 23. Qb2 dxc4 24. Nd4 Qxe5 25. Bh6 Rfd8 26. Qe2 Qxe2 0-1

[Event "MP Reykjavik Open 2011"]
[Site "Reykjavik ISL"]
[Date "2011.03.12"]
[Round "5.53"]
[White "Thorsteinsson, Erlingur"]
[Black "Degtiarev, Evgeny"]
[Result "1-0"]
[WhiteElo "2110"]
[BlackElo "2368"]
[PlyCount "121"]
[EventDate "2011.03.09"]
[EventType "swiss"]
[EventRounds "9"]
[EventCountry "ISL"]
[Source "lmi"]
[SourceDate "2011.03.09"]

1. b3 e5 2. Bb2 d6 3. e3 Nf6 4. c4 Qe7 5. Nc3 g6 6. Nf3 Bg7 7. d4 e4 8. Nd2 h5
9. Qc2 Bf5 10. Be2 Nc6 11. a3 Nxd4 12. exd4 e3 13. Qd1 exf2+ 14. Kf1 c6 15. Nf3
Ng4 16. Bc1 Ne3+ 17. Bxe3 Qxe3 18. Qc1 Bxd4 19. Qxe3+ Bxe3 20. Nd1 Bh6 21. Kxf2
O-O-O 22. Ne3 Bd7 23. Rhd1 Kc7 24. Rd3 f5 25. Rad1 Bc8 26. Nc2 g5 27. g3 Rhf8
28. Kg2 a6 29. Re3 g4 30. Re7+ Rd7 31. Rxd7+ Bxd7 32. Nh4 Rf6 33. Kg1 b5 34.
Ng2 bxc4 35. Bxc4 a5 36. Rf1 d5 37. Bd3 Kd6 38. b4 axb4 39. axb4 Bg5 40. Nd4
Ke5 41. Ne2 Rh6 42. Ngf4 Be7 43. Bc2 Kf6 44. Nd3 Rh8 45. Nc5 Bxc5+ 46. bxc5 Ra8
47. Bxf5 Bxf5 48. Nd4 Ke5 49. Nxf5 d4 50. Ne7 d3 51. Nxc6+ Kd5 52. Nb4+ Kc4 53.
Rf4+ Kc3 54. Nd5+ Kc2 55. Rc4+ Kd1 56. c6 d2 57. Kf2 Rf8+ 58. Rf4 Kc1 59. Ne3
Re8 60. Rc4+ Kb1 61. Ke2 1-0

[Event "MP Reykjavik Open 2011"]
[Site "Reykjavik ISL"]
[Date "2011.03.12"]
[Round "5.54"]
[White "Lagerman, Robert"]
[Black "Andersen, Daniel"]
[Result "1-0"]
[WhiteElo "2320"]
[BlackElo "1983"]
[PlyCount "67"]
[EventDate "2011.03.09"]
[EventType "swiss"]
[EventRounds "9"]
[EventCountry "ISL"]
[Source "lmi"]
[SourceDate "2011.03.09"]

1. e4 e6 2. d4 d5 3. Nd2 c5 4. Ngf3 cxd4 5. exd5 Qxd5 6. Bc4 Qd6 7. O-O Nf6 8.
Nb3 Nc6 9. Re1 Be7 10. Nbxd4 Nxd4 11. Nxd4 O-O 12. Be3 a6 13. Qf3 Qc7 14. Bb3
Rd8 15. Rad1 Nd5 16. Nf5 Nxe3 17. Nxe7+ Qxe7 18. Rxd8+ Qxd8 19. Rxe3 Qc7 20.
Rd3 Qe7 21. Qd1 g6 22. Rd8+ Kg7 23. Qd2 e5 24. h3 b5 25. c4 bxc4 26. Bxc4 Qc7
27. b3 Ra7 28. Rd6 a5 29. Qd5 Qe7 30. f4 e4 31. Qd4+ Kh6 32. g4 a4 33. g5+ Kh5
34. Be2+ 1-0

[Event "MP Reykjavik Open 2011"]
[Site "Reykjavik ISL"]
[Date "2011.03.12"]
[Round "5.55"]
[White "Kristinsson, Bjarni Jens"]
[Black "Karason, Askell O"]
[Result "1/2-1/2"]
[WhiteElo "2039"]
[BlackElo "2258"]
[PlyCount "138"]
[EventDate "2011.03.09"]
[EventType "swiss"]
[EventRounds "9"]
[EventCountry "ISL"]
[Source "lmi"]
[SourceDate "2011.03.09"]

1. e4 c5 2. Nf3 d6 3. d4 cxd4 4. Nxd4 Nf6 5. Nc3 g6 6. Be2 Bg7 7. O-O Nc6 8.
Nb3 O-O 9. Be3 Be6 10. Qd2 Rc8 11. Bh6 a5 12. Bxg7 Kxg7 13. a3 a4 14. Nd4 Bd7
15. Nxc6 Bxc6 16. Qd4 Qa5 17. f4 e5 18. Qe3 exf4 19. Rxf4 Rce8 20. Raf1 Nxe4
21. Nxe4 Qe5 22. Qf2 Bxe4 23. Rxf7+ Rxf7 24. Qxf7+ Kh8 25. Bf3 Bxc2 26. h4 Bb3
27. Qxb7 Qd4+ 28. Kh1 Qxh4+ 29. Kg1 Qd4+ 30. Kh1 Qxb2 31. Bc6 Qe2 32. Bb5 Qh5+
33. Kg1 Qc5+ 34. Kh1 Re5 35. Qb8+ Bg8 36. Bd7 Rh5+ 37. Bh3 Qxa3 38. Rf8 Rxh3+
39. gxh3 Qxh3+ 40. Kg1 Qg4+ 41. Kf2 Qd4+ 42. Kf1 Qc4+ 43. Kf2 Kg7 44. Qxd6 Qh4+
45. Kg1 Qe1+ 46. Kh2 Qe2+ 47. Kg1 Bd5 48. Qf6+ Kh6 49. Qh4+ Qh5 50. Qxa4 Qg5+
51. Kf2 Qd2+ 52. Kf1 Qc1+ 53. Ke2 Bc4+ 54. Kf3 Qf1+ 55. Kg3 Qxf8 56. Qxc4 Qe7
57. Qc6 Qe5+ 58. Kg4 Qf5+ 59. Kg3 Qd3+ 60. Kg4 Qe2+ 61. Kh4 Qe3 62. Kg4 Qg5+
63. Kh3 Qe7 64. Kg4 Qe1 65. Qd6 Qe4+ 66. Kh3 Qf3+ 67. Kh4 Kg7 68. Qd2 h5 69.
Qh6+ Kxh6 1/2-1/2

[Event "MP Reykjavik Open 2011"]
[Site "Reykjavik ISL"]
[Date "2011.03.12"]
[Round "5.56"]
[White "Ingason, Sigurdur"]
[Black "Rothe, Guido"]
[Result "0-1"]
[WhiteElo "1918"]
[BlackElo "2171"]
[PlyCount "58"]
[EventDate "2011.03.09"]
[EventType "swiss"]
[EventRounds "9"]
[EventCountry "ISL"]
[Source "lmi"]
[SourceDate "2011.03.09"]

1. c4 Nf6 2. g3 g6 3. Bg2 Bg7 4. Nc3 O-O 5. e4 d6 6. Nge2 e5 7. O-O c6 8. d3 a5
9. Be3 Na6 10. h3 Nd7 11. f4 f5 12. Qd2 Nac5 13. d4 Nxe4 14. Nxe4 fxe4 15. Bxe4
Nb6 16. dxe5 Nxc4 17. Bd5+ cxd5 18. Qxd5+ Kh8 19. Qxc4 dxe5 20. Kh2 b6 21. Qb3
Ba6 22. Rfd1 Qe7 23. Nc3 exf4 24. Bxf4 Rxf4 25. gxf4 Qe3 26. Qd5 Qxf4+ 27. Kg2
Rf8 28. Rd2 Bb7 29. Qxb7 Qxd2+ 0-1

[Event "MP Reykjavik Open 2011"]
[Site "Reykjavik ISL"]
[Date "2011.03.12"]
[Round "5.57"]
[White "Agrest, Inna"]
[Black "Plug, Arjan"]
[Result "1/2-1/2"]
[WhiteElo "2170"]
[BlackElo "1965"]
[PlyCount "89"]
[EventDate "2011.03.09"]
[EventType "swiss"]
[EventRounds "9"]
[EventCountry "ISL"]
[Source "lmi"]
[SourceDate "2011.03.09"]

1. e4 e6 2. d4 d5 3. Nc3 h6 4. Nf3 Nf6 5. Bd3 Bb4 6. exd5 exd5 7. O-O O-O 8.
Ne2 Re8 9. Ng3 Nc6 10. c3 Bd6 11. Nh4 Ne4 12. Nhf5 Bxf5 13. Nxf5 Ne7 14. Nxd6
Qxd6 15. f3 Nf6 16. Bc2 Ng6 17. f4 Qe7 18. Bd3 c5 19. Bb5 Red8 20. f5 Nf8 21.
Bf4 a6 22. Re1 Ne4 23. Bd3 cxd4 24. c4 Qb4 25. cxd5 Nf6 26. d6 Nd5 27. Bg3 Nd7
28. b3 Rac8 29. Qf3 N7f6 30. Bc4 Ne3 31. Be5 Nxc4 32. bxc4 Nd7 33. Bg3 Rxc4 34.
Rad1 Qb6 35. Re7 Rc2 36. Qd5 d3+ 37. Kf1 Qb2 38. Qxf7+ Kh8 39. Re8+ Rxe8 40.
Qxe8+ Kh7 41. Qg6+ Kh8 42. Qe8+ Kh7 43. Qg6+ Kh8 44. Qe8+ Kh7 45. Qg6+ 1/2-1/2

[Event "MP Reykjavik Open 2011"]
[Site "Reykjavik ISL"]
[Date "2011.03.12"]
[Round "5.58"]
[White "Burrows, Martin P"]
[Black "Knudsen, Jes West"]
[Result "1/2-1/2"]
[WhiteElo "2168"]
[BlackElo "1945"]
[PlyCount "96"]
[EventDate "2011.03.09"]
[EventType "swiss"]
[EventRounds "9"]
[EventCountry "ISL"]
[Source "lmi"]
[SourceDate "2011.03.09"]

1. e4 g6 2. d4 Bg7 3. Nc3 d6 4. Be3 a6 5. Qd2 e6 6. O-O-O b5 7. g4 Bb7 8. Bg2
Nd7 9. h4 Nb6 10. b3 b4 11. Nce2 a5 12. Kb1 h6 13. Ng3 Ne7 14. f4 d5 15. e5 a4
16. N1e2 Ba6 17. f5 exf5 18. gxf5 Nxf5 19. Nxf5 gxf5 20. Ng3 Bf8 21. Nxf5 axb3
22. cxb3 Nc4 23. Qf2 Na3+ 24. Kb2 Nb5 25. Bd2 Nc3 26. Bxc3 bxc3+ 27. Kxc3 Bc8
28. Rhf1 Rh7 29. Kb2 Bxf5 30. Qxf5 Rg7 31. Qc2 Rg6 32. Rf6 Rxf6 33. exf6 Qd6
34. Re1+ Kd8 35. Qe2 Qa3+ 36. Kb1 c6 37. h5 Kc7 38. Rc1 Kb6 39. Qc2 Qd6 40. Qf2
Re8 41. Rf1 Qh2 42. Bf3 Qxf2 43. Rxf2 Bb4 44. Kc2 Re3 45. Bg4 Kc7 46. Re2 Rc3+
47. Kb2 Rd3 48. a3 Bd6 1/2-1/2

[Event "MP Reykjavik Open 2011"]
[Site "Reykjavik ISL"]
[Date "2011.03.12"]
[Round "5.59"]
[White "Bergsson, Stefan"]
[Black "Lee, Kai Jie Edward"]
[Result "0-1"]
[WhiteElo "2158"]
[BlackElo "1913"]
[PlyCount "76"]
[EventDate "2011.03.09"]
[EventType "swiss"]
[EventRounds "9"]
[EventCountry "ISL"]
[Source "lmi"]
[SourceDate "2011.03.09"]

1. e4 e5 2. Nf3 Nf6 3. Nxe5 d6 4. Nf3 Nxe4 5. Nc3 Nxc3 6. dxc3 Be7 7. Be3 Nc6
8. Qd2 Be6 9. O-O-O Qd7 10. Kb1 O-O-O 11. Bb5 a6 12. Ba4 Bf6 13. Bd4 Rde8 14.
Bxf6 gxf6 15. Nd4 Bd5 16. c4 Bxc4 17. Nxc6 bxc6 18. Qd4 Bb5 19. Bb3 c5 20. Qf4
f5 21. Qf3 Kb8 22. Qc3 Rhg8 23. g3 Re2 24. f4 Rge8 25. Bd5 Bc6 26. Qa5 Bxd5 27.
Rxd5 Qc6 28. c4 R8e3 29. Ka1 Rc2 30. Rb1 Rxc4 31. Qd2 Rce4 32. Rxf5 Qa4 33. Rc1
Re2 34. Qc3 Rc4 35. Qh8+ Ka7 36. Rb1 Qc2 37. a3 Ra4 38. Ka2 Qc4+ 0-1

[Event "MP Reykjavik Open 2011"]
[Site "Reykjavik ISL"]
[Date "2011.03.12"]
[Round "5.60"]
[White "Guindy, Esmat"]
[Black "Mihajlov, Sebastian"]
[Result "1/2-1/2"]
[WhiteElo "2153"]
[BlackElo "1871"]
[PlyCount "96"]
[EventDate "2011.03.09"]
[EventType "swiss"]
[EventRounds "9"]
[EventCountry "ISL"]
[Source "lmi"]
[SourceDate "2011.03.09"]

1. d4 d5 2. c4 c6 3. Nc3 Nf6 4. cxd5 cxd5 5. Qb3 e6 6. Nf3 Nc6 7. Bf4 a6 8. Rc1
Be7 9. h3 O-O 10. e3 Na5 11. Qd1 Bd7 12. Bd3 Qb6 13. Qe2 Rac8 14. O-O Nc4 15.
Rc2 Qa5 16. Rfc1 b5 17. Ne5 h6 18. a3 Rfd8 19. Nb1 Nxe5 20. dxe5 Rxc2 21. Rxc2
Nh7 22. b4 Qb6 23. Qh5 Be8 24. Qg4 Kh8 25. Nd2 d4 26. Qf3 dxe3 27. Bxe3 Qb8 28.
Qe4 Nf8 29. Nb3 f5 30. exf6 Bxf6 31. Be2 Bg6 32. Qc6 Bxc2 33. Qxc2 Qc8 34. Nc5
Nd7 35. Qg6 Nxc5 36. bxc5 Qd7 37. Bxh6 Qd4 38. c6 gxh6 39. c7 Rc8 40. Qxh6+ Kg8
41. Qg6+ Kf8 42. Bh5 Qa1+ 43. Kh2 Qe5+ 44. g3 Rxc7 45. Qe8+ Kg7 46. Qg6+ Kh8
47. Qe8+ Kg7 48. Qg6+ Kh8 1/2-1/2

[Event "MP Reykjavik Open 2011"]
[Site "Reykjavik ISL"]
[Date "2011.03.12"]
[Round "5.61"]
[White "Jonsson, Olafur Gisli"]
[Black "Sellitti, Federico"]
[Result "0-1"]
[WhiteElo "1842"]
[BlackElo "2142"]
[PlyCount "80"]
[EventDate "2011.03.09"]
[EventType "swiss"]
[EventRounds "9"]
[EventCountry "ISL"]
[Source "lmi"]
[SourceDate "2011.03.09"]

1. d4 d5 2. Nf3 Nc6 3. e3 Bg4 4. c4 e6 5. Nc3 Bb4 6. Be2 Nf6 7. O-O O-O 8. a3
Bxc3 9. bxc3 Ne4 10. Bb2 dxc4 11. Bxc4 Bxf3 12. gxf3 Nd6 13. Bd3 Na5 14. Qe2 b5
15. Rad1 Nac4 16. Bc1 a6 17. Kh1 e5 18. Rg1 f5 19. e4 fxe4 20. fxe4 Qh4 21. Rg2
Rf7 22. Bg5 Qh3 23. Rg3 Qe6 24. Rdg1 Raf8 25. R1g2 Kh8 26. Bc1 c5 27. Qh5 Ne8
28. f4 Nf6 29. Qh4 exf4 30. Rg6 f3 31. R2g3 f2 32. e5 Qd5+ 33. Rg2 f1=Q+ 34.
Bxf1 Ng4 35. Rf6 Nxf6 36. Bd3 Nxe5 37. Bc2 Nh5 38. Be4 Rf1+ 39. Rg1 Rxg1+ 40.
Kxg1 Nf3+ 0-1

[Event "MP Reykjavik Open 2011"]
[Site "Reykjavik ISL"]
[Date "2011.03.12"]
[Round "5.62"]
[White "Huguet, Sergio"]
[Black "Fivelstad, Jon Olav"]
[Result "1-0"]
[WhiteElo "2140"]
[BlackElo "1854"]
[PlyCount "94"]
[EventDate "2011.03.09"]
[EventType "swiss"]
[EventRounds "9"]
[EventCountry "ISL"]
[Source "lmi"]
[SourceDate "2011.03.09"]

1. e4 e5 2. Nf3 Nc6 3. d4 exd4 4. Nxd4 Nf6 5. Nxc6 bxc6 6. e5 Qe7 7. Qe2 Nd5 8.
c4 Ba6 9. b3 g6 10. Ba3 Nb4 11. f4 Bg7 12. Qd2 Rb8 13. Be2 O-O 14. O-O f6 15.
exf6 Qxf6 16. Bxb4 Rxb4 17. Qxb4 Qxa1 18. Qd2 d5 19. Rd1 Qf6 20. g3 g5 21. fxg5
Qf2+ 22. Kh1 d4 23. Bg4 c5 24. Be6+ Kh8 25. Qxf2 Rxf2 26. Nd2 Re2 27. Bd5 Bc8
28. Ne4 Bh3 29. Nxc5 Bf8 30. Nd3 Bd6 31. c5 Be5 32. Re1 Rxe1+ 33. Nxe1 Bf5 34.
Bc4 Kg7 35. Kg2 Kg6 36. h4 Be4+ 37. Kf2 Kf5 38. Bd3 Bg7 39. Ke2 Ke5 40. Bxe4
Kxe4 41. Nd3 a5 42. a3 Bf8 43. b4 axb4 44. axb4 Be7 45. Nf2+ Kf5 46. Kd3 Ke5
47. Ne4 c6 1-0

[Event "MP Reykjavik Open 2011"]
[Site "Reykjavik ISL"]
[Date "2011.03.12"]
[Round "5.63"]
[White "Johannsson, Orn Leo"]
[Black "Steil-Antoni, Fiona"]
[Result "1-0"]
[WhiteElo "1859"]
[BlackElo "2117"]
[PlyCount "55"]
[EventDate "2011.03.09"]
[EventType "swiss"]
[EventRounds "9"]
[EventCountry "ISL"]
[Source "lmi"]
[SourceDate "2011.03.09"]

1. d4 d5 2. Nf3 Nf6 3. e3 e6 4. Bd3 Be7 5. b3 O-O 6. Bb2 c5 7. O-O Nc6 8. a3 b6
9. Nbd2 Bb7 10. Ne5 Rc8 11. f4 Qc7 12. Qe2 Nb8 13. Rac1 Nbd7 14. c4 Qd6 15.
Rcd1 Rfd8 16. f5 Nf8 17. fxe6 fxe6 18. Ndf3 dxc4 19. bxc4 h6 20. Nh4 Qc7 21.
Nhg6 Bd6 22. Ng4 Ne4 23. Nxf8 Rxf8 24. Nxh6+ Kh8 25. Qh5 Bxh2+ 26. Qxh2 Qxh2+
27. Kxh2 gxh6 28. d5+ 1-0

[Event "MP Reykjavik Open 2011"]
[Site "Reykjavik ISL"]
[Date "2011.03.12"]
[Round "5.64"]
[White "Van der Plas, Rob"]
[Black "Karlsson, Mikael Johann"]
[Result "1-0"]
[WhiteElo "2165"]
[BlackElo "1835"]
[PlyCount "71"]
[EventDate "2011.03.09"]
[EventType "swiss"]
[EventRounds "9"]
[EventCountry "ISL"]
[Source "lmi"]
[SourceDate "2011.03.09"]

1. d4 Nf6 2. c4 g6 3. Nc3 Bg7 4. e4 d6 5. f4 O-O 6. Nf3 Nbd7 7. Be2 b6 8. O-O
Bb7 9. Qc2 a5 10. e5 Ne8 11. Be3 c5 12. Rad1 Qb8 13. exd6 Nxd6 14. Ne5 Nxe5 15.
dxe5 Nf5 16. Bf2 Bc6 17. Bg4 e6 18. Ne4 Nh6 19. Bf3 Kh8 20. Rd6 Qc7 21. Rxc6
Qxc6 22. Nxc5 Qc7 23. Bxa8 Rxa8 24. Ne4 Nf5 25. Qb3 Qc6 26. Ng5 Kg8 27. Rc1 h6
28. Qf3 Qc8 29. Ne4 Rb8 30. b3 Qf8 31. g4 Qa3 32. Rd1 Ne7 33. Rd7 Bf8 34. Qe2
Qc1+ 35. Rd1 Qxf4 36. Bg3 1-0

[Event "MP Reykjavik Open 2011"]
[Site "Reykjavik ISL"]
[Date "2011.03.12"]
[Round "5.65"]
[White "Duchrow, Oliver"]
[Black "Erikstad, Olav"]
[Result "0-1"]
[WhiteElo "2165"]
[BlackElo "1829"]
[PlyCount "66"]
[EventDate "2011.03.09"]
[EventType "swiss"]
[EventRounds "9"]
[EventCountry "ISL"]
[Source "lmi"]
[SourceDate "2011.03.09"]

1. e4 c6 2. d4 d5 3. Nc3 dxe4 4. Nxe4 Nf6 5. Nxf6+ exf6 6. Bc4 Bd6 7. Qh5 O-O
8. Ne2 Be6 9. Bd3 g6 10. Qh4 Nd7 11. O-O f5 12. Bg5 f6 13. Bd2 c5 14. dxc5 Nxc5
15. Bc4 Bxh2+ 16. Kxh2 Qxd2 17. Bxe6+ Nxe6 18. Qc4 Qd6+ 19. Kg1 Rac8 20. Qb3
Kh8 21. Rad1 Qc6 22. Rd2 Nc5 23. Qh3 Ne4 24. Rd3 Rfd8 25. Rfd1 Rxd3 26. Rxd3
Qb6 27. Re3 Rxc2 28. Qh6 Kg8 29. Nf4 Rc1+ 30. Kh2 Rh1+ 31. Kxh1 Nxf2+ 32. Kg1
Qxe3 33. Kf1 Ng4 0-1

[Event "MP Reykjavik Open 2011"]
[Site "Reykjavik ISL"]
[Date "2011.03.12"]
[Round "5.66"]
[White "Van Dongen, Leo"]
[Black "Braig, Frank"]
[Result "0-1"]
[WhiteElo "1828"]
[BlackElo "2105"]
[PlyCount "91"]
[EventDate "2011.03.09"]
[EventType "swiss"]
[EventRounds "9"]
[EventCountry "ISL"]
[Source "lmi"]
[SourceDate "2011.03.09"]

1. e4 c6 2. c4 d6 3. d4 e5 4. dxe5 dxe5 5. Qxd8+ Kxd8 6. Nf3 f6 7. Be2 Be6 8.
O-O Nd7 9. Be3 Bc5 10. Bxc5 Nxc5 11. Rd1+ Kc7 12. Nc3 a5 13. b3 Ne7 14. Ne1 Ng6
15. g3 Rhd8 16. Nd3 Nxd3 17. Bxd3 Rd4 18. f3 Rad8 19. Be2 Nf8 20. Na4 Bf7 21.
Nc5 b6 22. Nd3 Ne6 23. Rac1 Bh5 24. Kf2 R4d7 25. Rd2 Nd4 26. Rcd1 g5 27. Ne1
Bg6 28. Ng2 Kd6 29. Ne3 Kc5 30. Bf1 Rd6 31. Ng4 Bh5 32. h3 Bxg4 33. hxg4 Nc2
34. Rxd6 Rxd6 35. Rxd6 Kxd6 36. Bd3 Nd4 37. Ke3 Kc5 38. f4 Kb4 39. fxe5 fxe5
40. Kd2 Ka3 41. Kc3 Kxa2 42. b4 a4 43. c5 b5 44. Bc2 Nxc2 45. Kxc2 a3 46. Kc3
0-1

[Event "MP Reykjavik Open 2011"]
[Site "Reykjavik ISL"]
[Date "2011.03.12"]
[Round "5.67"]
[White "Fridthjofsdottir, Sigurl  Regin"]
[Black "Willis, Brad"]
[Result "0-1"]
[WhiteElo "1808"]
[BlackElo "2090"]
[PlyCount "116"]
[EventDate "2011.03.09"]
[EventType "swiss"]
[EventRounds "9"]
[EventCountry "ISL"]
[Source "lmi"]
[SourceDate "2011.03.09"]

1. e4 e6 2. d3 d5 3. Nd2 c5 4. Ngf3 Nc6 5. g3 Nge7 6. Bg2 g6 7. O-O Bg7 8. c3
O-O 9. Re1 b5 10. e5 Qb6 11. Nb3 c4 12. dxc4 dxc4 13. Be3 Qc7 14. Nbd4 Rb8 15.
Bf4 Rd8 16. Qe2 a6 17. Rad1 Bb7 18. Bg5 Nxd4 19. Nxd4 Bxg2 20. Kxg2 Rd7 21.
Bxe7 Rxe7 22. f4 Qb7+ 23. Qf3 Qxf3+ 24. Nxf3 Bf8 25. Re2 Ree8 26. Red2 Be7 27.
Rd7 Red8 28. Rxd8+ Rxd8 29. Rxd8+ Bxd8 30. Nd2 Kf8 31. Kf3 Ke8 32. a4 Kd7 33.
axb5 axb5 34. Ke4 h5 35. Nf3 Kc6 36. h3 Kc5 37. g4 hxg4 38. hxg4 b4 39. Nd4 b3
40. f5 exf5+ 41. gxf5 gxf5+ 42. Kxf5 Kd5 43. e6 fxe6+ 44. Nxe6 Be7 45. Nf4+ Kc6
46. Ke4 Ba3 47. Kd4 Kb5 48. Ne6 Bxb2 49. Nc7+ Ka4 50. Kxc4 Bc1 51. Kd3 Ka3 52.
Nb5+ Ka2 53. c4 Bb2 54. c5 Be5 55. c6 b2 56. Nc3+ Bxc3 57. c7 b1=Q+ 58. Ke3 Qf5
0-1

[Event "MP Reykjavik Open 2011"]
[Site "Reykjavik ISL"]
[Date "2011.03.12"]
[Round "5.68"]
[White "Will, Matthias"]
[Black "Hauksson, Hordur Aron"]
[Result "1-0"]
[WhiteElo "2047"]
[BlackElo "1719"]
[PlyCount "75"]
[EventDate "2011.03.09"]
[EventType "swiss"]
[EventRounds "9"]
[EventCountry "ISL"]
[Source "lmi"]
[SourceDate "2011.03.09"]

1. d4 Nf6 2. Nf3 e6 3. Bg5 d5 4. e3 Nbd7 5. Nbd2 Be7 6. Bd3 c5 7. c3 b6 8. Bb5
O-O 9. Bc6 Rb8 10. Bf4 Ba6 11. Bxb8 Nxb8 12. Qa4 Qc7 13. Bb5 Bxb5 14. Qxb5 c4
15. Qa4 Bd6 16. g3 Nc6 17. O-O Ne7 18. Rae1 Nf5 19. e4 dxe4 20. Nxe4 Nxe4 21.
Rxe4 b5 22. Qc2 h5 23. Rfe1 Ne7 24. Ng5 g6 25. Qe2 Nf5 26. h3 a6 27. Nf3 Rc8
28. Ne5 Qa5 29. a3 Qd8 30. Qd2 Be7 31. Kg2 h4 32. g4 Nd6 33. R4e2 Ne8 34. Qf4
Nd6 35. Qe3 Ne8 36. Kg1 Nf6 37. Nxf7 Nd5 38. Qxe6 1-0

[Event "MP Reykjavik Open 2011"]
[Site "Reykjavik ISL"]
[Date "2011.03.12"]
[Round "5.69"]
[White "Magnusson, Magnus"]
[Black "Helgadottir, Sigridur Bjorg"]
[Result "1/2-1/2"]
[WhiteElo "2026"]
[BlackElo "1712"]
[PlyCount "71"]
[EventDate "2011.03.09"]
[EventType "swiss"]
[EventRounds "9"]
[EventCountry "ISL"]
[Source "lmi"]
[SourceDate "2011.03.09"]

1. e4 c5 2. Nc3 g6 3. g3 Bg7 4. Bg2 Nc6 5. d3 d6 6. Be3 e6 7. Qd2 Rb8 8. Nf3 b5
9. O-O Nd4 10. Nd1 Ne7 11. Nh4 O-O 12. c3 Ndc6 13. Bh6 Re8 14. Bxg7 Kxg7 15. f4
f5 16. Ne3 d5 17. exd5 exd5 18. d4 cxd4 19. cxd4 Qb6 20. Rad1 Be6 21. Nf3 Ng8
22. Ne5 Nf6 23. g4 Nxe5 24. fxe5 Nxg4 25. Nxg4 fxg4 26. Rf6 Qd8 27. Rdf1 Qe7
28. Qg5 Rbd8 29. Rc1 Qd7 30. Rc5 Rf8 31. Bf1 a6 32. Bd3 Rxf6 33. Qxf6+ Kg8 34.
Bxg6 hxg6 35. Qxg6+ Kf8 36. Qh6+ 1/2-1/2

[Event "MP Reykjavik Open 2011"]
[Site "Reykjavik ISL"]
[Date "2011.03.12"]
[Round "5.70"]
[White "Kristinardottir, Elsa Maria"]
[Black "Puuska, Heini"]
[Result "0-1"]
[WhiteElo "1702"]
[BlackElo "2014"]
[PlyCount "94"]
[EventDate "2011.03.09"]
[EventType "swiss"]
[EventRounds "9"]
[EventCountry "ISL"]
[Source "lmi"]
[SourceDate "2011.03.09"]

1. e4 e6 2. d4 d5 3. exd5 exd5 4. Bd3 Nc6 5. c3 Bd6 6. Nf3 Bg4 7. O-O Nge7 8.
Bg5 f6 9. Bh4 Qd7 10. Bg3 O-O-O 11. Nbd2 Nf5 12. Bxd6 Nxd6 13. Qc2 g5 14. b4
Ne7 15. a4 Bf5 16. Nb3 Bxd3 17. Qxd3 Ng6 18. Nc5 Qg4 19. h3 Qh5 20. Ne6 Rd7 21.
Rfe1 g4 22. hxg4 Qxg4 23. Nh2 Qh5 24. Qf3 Qxf3 25. Nxf3 h5 26. Nd2 Rg8 27. Kh2
Nf5 28. b5 Re7 29. Nc5 Rge8 30. Nf3 Nf4 31. Rxe7 Rxe7 32. g3 Re2 33. gxf4 Rxf2+
34. Kg1 Rxf3 35. Re1 Re3 36. Rxe3 Nxe3 37. Ne6 Nd1 38. Ng7 h4 39. Nh5 Nxc3 40.
Nxf6 Kd8 41. Kf1 Ke7 42. Ng4 Nxa4 43. Ne3 Nc3 44. b6 axb6 45. Nf5+ Kf6 46. Nxh4
Nb5 47. Ke2 Nxd4+ 0-1

[Event "MP Reykjavik Open 2011"]
[Site "Reykjavik ISL"]
[Date "2011.03.12"]
[Round "5.71"]
[White "Reppen, Ellisiv"]
[Black "Gates, David A"]
[Result "1-0"]
[WhiteElo "1963"]
[BlackElo "1698"]
[PlyCount "67"]
[EventDate "2011.03.09"]
[EventType "swiss"]
[EventRounds "9"]
[EventCountry "ISL"]
[Source "lmi"]
[SourceDate "2011.03.09"]

1. e4 c6 2. d4 d5 3. Nc3 dxe4 4. Nxe4 Bf5 5. Ng3 Bg6 6. Nf3 Nd7 7. Bd3 Bxd3 8.
Qxd3 e6 9. O-O Ngf6 10. Re1 Be7 11. Bd2 O-O 12. Rad1 c5 13. c3 cxd4 14. Nxd4
Re8 15. Qf3 Qb6 16. Nb3 Rad8 17. Be3 Qc7 18. Nd4 Ne5 19. Qe2 Ng6 20. Nb5 Qa5
21. b4 Qa4 22. Rxd8 Rxd8 23. Rc1 a6 24. Nd4 Nd5 25. Ne4 Nxe3 26. fxe3 a5 27.
bxa5 e5 28. Qc2 Qxa5 29. Nf5 Bf8 30. Qb3 Qa7 31. Ng5 Rd7 32. Rf1 Nh4 33. Nxf7
Rxf7 34. Nh6+ 1-0

[Event "MP Reykjavik Open 2011"]
[Site "Reykjavik ISL"]
[Date "2011.03.12"]
[Round "5.73"]
[White "Leosson, Atli Johann"]
[Black "Benediktsson, Frimann"]
[Result "0-1"]
[WhiteElo "1685"]
[BlackElo "1917"]
[PlyCount "50"]
[EventDate "2011.03.09"]
[EventType "swiss"]
[EventRounds "9"]
[EventCountry "ISL"]
[Source "lmi"]
[SourceDate "2011.03.09"]

1. e4 c5 2. Nf3 Nc6 3. d4 cxd4 4. Nxd4 g6 5. Bc4 Bg7 6. Nxc6 bxc6 7. O-O d6 8.
Qf3 e6 9. Nc3 Ne7 10. Bf4 O-O 11. Rfd1 d5 12. exd5 cxd5 13. Bb3 Bb7 14. Na4 Bc6
15. Rab1 Qa5 16. Bd2 Qc7 17. Qh3 h5 18. Nc5 Nf5 19. Bb4 Rfe8 20. Nd3 a5 21. c4
dxc4 22. Bxc4 axb4 23. Nxb4 Bxg2 24. Qb3 Bb7 25. Rbc1 Qf4 0-1

[Event "MP Reykjavik Open 2011"]
[Site "Reykjavik ISL"]
[Date "2011.03.12"]
[Round "5.74"]
[White "Hardarson, Jon Trausti"]
[Black "Rutten, David"]
[Result "0-1"]
[WhiteElo "1639"]
[BlackElo "1880"]
[PlyCount "50"]
[EventDate "2011.03.09"]
[EventType "swiss"]
[EventRounds "9"]
[EventCountry "ISL"]
[Source "lmi"]
[SourceDate "2011.03.09"]

1. e4 c5 2. d4 cxd4 3. c3 dxc3 4. Nxc3 e6 5. Bc4 a6 6. Nf3 b5 7. Bb3 Nc6 8. O-O
Nge7 9. Qe2 Ng6 10. Rd1 Be7 11. Be3 O-O 12. Nd4 Nxd4 13. Bxd4 d6 14. Rd2 Bb7
15. Rad1 Qc7 16. Rc2 Qd7 17. Rcd2 Rac8 18. Rd3 Qc7 19. Rh3 Nf4 20. Qg4 Nxh3+
21. Qxh3 b4 22. Ne2 Bxe4 23. Bxe6 Qc2 24. Re1 Qxe2 25. Bxf7+ Kxf7 0-1

[Event "MP Reykjavik Open 2011"]
[Site "Reykjavik ISL"]
[Date "2011.03.12"]
[Round "5.75"]
[White "Frijling, Jeroen"]
[Black "Hauksdottir, Hrund"]
[Result "0-1"]
[WhiteElo "1874"]
[BlackElo "1554"]
[PlyCount "86"]
[EventDate "2011.03.09"]
[EventType "swiss"]
[EventRounds "9"]
[EventCountry "ISL"]
[Source "lmi"]
[SourceDate "2011.03.09"]

1. e4 e5 2. Nf3 Nc6 3. d4 exd4 4. Nxd4 Bc5 5. Be3 Qf6 6. c3 Nge7 7. Qd2 O-O 8.
Nb5 Bxe3 9. Qxe3 Qe5 10. Bd3 Rb8 11. O-O a6 12. Nd4 d6 13. Nd2 Bd7 14. f4 Qf6
15. N2f3 Rbe8 16. e5 Nd5 17. Qe4 Qg6 18. f5 Qh6 19. Qxd5 Qe3+ 20. Kh1 Qxd3 21.
Rad1 Qe3 22. Rfe1 Qf4 23. Re4 Qh6 24. Rh4 Qe3 25. Re1 Qf2 26. e6 Kh8 27. Rhe4
Nxd4 28. Nxd4 fxe6 29. Qb3 e5 30. R4e2 Qf4 31. Nf3 Bc6 32. c4 Qxf5 33. Re3 Qe6
34. Qc3 Qf6 35. c5 e4 36. Qxf6 Rxf6 37. cxd6 cxd6 38. Ng5 d5 39. Nf3 Ref8 40.
Nd2 Rf2 41. R3e2 Bb5 42. Rxf2 Rxf2 43. Rc1 h6 0-1